000 01609nam a2200361 a 4500
001 ebr10588392
003 CaPaEBR
006 m u
007 cr cn|||||||||
008 980904s1998 gw a sb 010 0 eng d
010 _z 98037493
020 _z3110162172 (alk. paper)
020 _z9783110162172
020 _z9783110806946 (e-book)
040 _aCaPaEBR
_cCaPaEBR
035 _a(OCoLC)811373146
050 1 4 _aP26.U37
_bP76 1998eb
082 0 4 _a410
_221
245 0 0 _aProductivity and creativity
_h[electronic resource] :
_bstudies in general and descriptive linguistics in honor of E.M. Uhlenbeck /
_cedited by Mark Janse with the assistance of An Verlinden.
260 _aBerlin ;
_aNew York :
_bMouton de Gruyter,
_c1998.
300 _axvi, 632 p. :
_bill.
440 0 _aTrends in linguistics.
_pStudies and monographs ;
_v116
504 _aIncludes bibliographical references.
505 0 _asection 1. General linguistics -- section 2. Javanese and Indonesian -- section 3. Pacific and Amerindian languages -- section 4. Indo-European and Afro-Asiatic languages.
533 _aElectronic reproduction.
_bPalo Alto, Calif. :
_cebrary,
_d2011.
_nAvailable via World Wide Web.
_nAccess may be limited to ebrary affiliated libraries.
650 0 _aLinguistics.
655 7 _aElectronic books.
_2local
700 1 _aJanse, Mark,
_d1959-
700 1 _aVerlinden, Ann,
_d1959-
700 1 _aUhlenbeck, E. M.,
_d1913-
710 2 _aebrary, Inc.
856 4 0 _uhttp://site.ebrary.com/lib/rucke/Doc?id=10588392
_zAn electronic book accessible through the World Wide Web; click to view
999 _c103762
_d103762